[Event "SR 1. liga zapad 2010/2011"]
[Site "?"]
[Date "2010.11.07"]
[Round "2.3"]
[White "Szitkey, Milan"]
[Black "Machalova, Maria"]
[Result "1-0"]
[WhiteElo "2152"]
[BlackElo "2190"]
[PlyCount "103"]
[EventDate "2010.??.??"]

1. e4 c5 2. Nf3 Nc6 3. c3 d5 4. exd5 Qxd5 5. d4 cxd4 6. cxd4 e5 7. Nc3 Bb4 8.
Bd2 Bxc3 9. Bxc3 e4 10. Ne5 Nxe5 11. dxe5 Ne7 12. Qa4+ Bd7 13. Qb4 a5 14. Qa3
Bc6 15. Be2 Qe6 16. Qc5 O-O 17. O-O Ng6 18. f4 exf3 19. Bxf3 Bxf3 20. Rxf3 b6
21. Qe3 b5 22. a3 b4 23. Bd4 bxa3 24. bxa3 Nh4 25. Rh3 Nf5 26. Qe4 Rad8 27. Bc3
Qb6+ 28. Kh1 Qg6 29. Re1 Rfe8 30. Bxa5 Rd4 31. Qb1 Rg4 32. Rf3 Rg5 33. Ref1 Rc8
34. Bd2 Rxg2 35. Qb7 Rf8 36. Bb4 Nh4 37. Rxf7 Rg1+ 38. Rxg1 Qxf7 39. Qxf7+ Rxf7
40. e6 Rf2 41. Rd1 g5 42. Kg1 Re2 43. Rd8+ Kg7 44. e7 Nf3+ 45. Kf1 Rxh2 46.
e8=Q g4 47. Qg8+ Kh6 48. Qxg4 Rh1+ 49. Kf2 Rf1+ 50. Kxf1 Nh2+ 51. Kg2 Nxg4 52.
a4 1-0

[Event "SR 1. liga zapad 2010/2011"]
[Site "?"]
[Date "2010.11.07"]
[Round "2.4"]
[White "Diviak, Rastislav"]
[Black "Duben, Igor"]
[Result "0-1"]
[WhiteElo "2014"]
[BlackElo "2175"]
[PlyCount "78"]
[EventDate "2010.??.??"]

1. e4 e6 2. d4 d5 3. Nd2 c5 4. exd5 exd5 5. Ngf3 Nf6 6. Bb5+ Bd7 7. Bxd7+ Nbxd7
8. O-O Be7 9. dxc5 Nxc5 10. c3 O-O 11. Nb3 Nce4 12. Nbd4 Qd7 13. Bf4 Rfe8 14.
Ne5 Qc8 15. f3 Nd6 16. Re1 a6 17. Qd3 Bf8 18. Rad1 h6 19. Kh1 Rd8 20. Qc2 Nc4
21. Nxc4 dxc4 22. Nf5 Rd3 23. Nd4 Rxd1 24. Rxd1 Nd7 25. b3 Nb6 26. Nf5 Qe6 27.
Nd4 Qc8 28. Nf5 Qc6 29. Qd2 Qf6 30. Ng3 Qc6 31. Ne4 Qb5 32. b4 a5 33. a3 Qa4
34. Qd4 Qc6 35. Be3 Na4 36. h3 axb4 37. axb4 Nb2 38. Rd2 Nd3 39. Nd6 Bxd6 0-1

[Event "SR 1. liga zapad 2010/2011"]
[Site "?"]
[Date "2010.11.07"]
[Round "2.4"]
[White "Gasa, Andrej"]
[Black "Janos, Martin"]
[Result "1/2-1/2"]
[WhiteElo "2256"]
[BlackElo "2246"]
[PlyCount "85"]
[EventDate "2010.??.??"]

1. e4 e5 2. Nf3 Nc6 3. Bb5 Bc5 4. d3 Nge7 5. c3 O-O 6. O-O d5 7. Bg5 f6 8. Be3
Bb6 9. Bxb6 axb6 10. Nbd2 Be6 11. a3 d4 12. Qc2 Kh8 13. Rfe1 Qd6 14. cxd4 Nxd4
15. Nxd4 exd4 16. Rac1 c5 17. Qd1 Ng6 18. g3 f5 19. e5 Qd8 20. f4 Ne7 21. Bc4
Nd5 22. Bxd5 Bxd5 23. Nc4 Rc8 24. Nd6 Rc7 25. Qd2 Re7 26. Qf2 Qa8 27. Re2 Qa4
28. Qe1 Qa7 29. Qd2 Qa4 30. Qc2 Bb3 31. Qd2 Qc6 32. Nc4 Qh6 33. Qe1 Re6 34. Qf2
Qh5 35. Rd2 g5 36. Qe2 Qh6 37. Qf3 Ba4 38. fxg5 Qxg5 39. Qf4 Qh5 40. Rf2 Rg6
41. e6 Rxe6 42. Ne5 Qe8 43. Re1 1/2-1/2

[Event "SR 1. liga zapad 2010/2011"]
[Site "?"]
[Date "2010.11.07"]
[Round "2.4"]
[White "Meszaros, Michal"]
[Black "Pinter, Erik"]
[Result "1/2-1/2"]
[WhiteElo "2409"]
[BlackElo "2379"]
[PlyCount "28"]
[EventDate "2010.??.??"]

1. d4 Nf6 2. c4 g6 3. Nc3 Bg7 4. e4 d6 5. Be2 O-O 6. Nf3 e5 7. Be3 Ng4 8. Bg5
f6 9. Bc1 Nh6 10. h4 Nc6 11. d5 Ne7 12. h5 Nf7 13. Be3 c5 14. Nd2 f5 1/2-1/2

[Event "SR 1. liga zapad 2010/2011"]
[Site "?"]
[Date "2010.11.07"]
[Round "2.4"]
[White "Pacher, Milan"]
[Black "Likavsky, Tomas"]
[Result "1-0"]
[WhiteElo "2399"]
[BlackElo "2466"]
[PlyCount "77"]
[EventDate "2010.??.??"]

1. e4 c5 2. Nf3 e6 3. d4 cxd4 4. Nxd4 a6 5. Nc3 b5 6. Bd3 Bb7 7. O-O Qb6 8. Nb3
Nc6 9. a4 b4 10. a5 Qc7 11. Na4 Nxa5 12. Bf4 Qxf4 13. Nxa5 Qc7 14. Nxb7 Qxb7
15. e5 a5 16. c3 Nh6 17. Re1 Rd8 18. Be4 Qc7 19. Qd4 bxc3 20. bxc3 Be7 21. Rab1
Nf5 22. Qd3 g6 23. g4 Nh6 24. Bf3 d5 25. Qe3 g5 26. Be2 O-O 27. h4 Nxg4 28.
Bxg4 Qc4 29. Bd1 Qxh4 30. Rb7 g4 31. Kg2 Bg5 32. Qd3 Qh6 33. Bc2 Qg7 34. Nc5
Rb8 35. Nxe6 Qg6 36. Qxg6+ hxg6 37. Rxb8 Rxb8 38. Nxg5 Rb2 39. Ba4 1-0

[Event "SR 1. liga zapad 2010/2011"]
[Site "?"]
[Date "2010.11.07"]
[Round "2.4"]
[White "Polacik, Igor"]
[Black "Cajka, Tibor"]
[Result "0-1"]
[WhiteElo "2180"]
[BlackElo "2104"]
[PlyCount "46"]
[EventDate "2010.??.??"]

1. e4 c5 2. Nf3 Nc6 3. d4 cxd4 4. Nxd4 Nf6 5. Nc3 d6 6. h3 g6 7. g4 Bg7 8. Be3
O-O 9. g5 Nd7 10. Nb3 a6 11. a4 Na5 12. Nxa5 Qxa5 13. Qd2 Qb4 14. Nd1 Qxe4 15.
Rg1 Ne5 16. Bg2 Nf3+ 17. Bxf3 Qxf3 18. Ra3 Bf5 19. Rb3 Rac8 20. c3 Be5 21. Qe2
Qd5 22. Rb4 Bh2 23. c4 Qa5 0-1

[Event "SR 1. liga zapad 2010/2011"]
[Site "?"]
[Date "2010.11.07"]
[Round "2.4"]
[White "Polasek, Filip"]
[Black "Certek, Pavel"]
[Result "0-1"]
[WhiteElo "2104"]
[BlackElo "2250"]
[PlyCount "44"]
[EventDate "2010.??.??"]

1. e4 c5 2. Nf3 Nc6 3. d4 cxd4 4. Nxd4 g6 5. Nc3 Bg7 6. Be3 Nf6 7. Bc4 Qa5 8.
Bb3 Nxe4 9. Qf3 f5 10. O-O-O Nxc3 11. bxc3 e6 12. Nxc6 bxc6 13. Bd4 Bxd4 14.
cxd4 Qa3+ 15. Kb1 a5 16. Ka1 a4 17. Bd5 Qd6 18. Bc4 Qb4 19. Bxe6 dxe6 20. Qxc6+
Kf7 21. d5 Ra6 22. dxe6+ Kf6 0-1

[Event "SR 1. liga zapad 2010/2011"]
[Site "?"]
[Date "2010.11.07"]
[Round "2.4"]
[White "Schwarz, Dusan"]
[Black "Pagerka, Martin"]
[Result "0-1"]
[WhiteElo "2294"]
[BlackElo "2260"]
[PlyCount "80"]
[EventDate "2010.??.??"]

1. d4 Nf6 2. c4 c5 3. d5 b5 4. Nf3 d6 5. Qc2 g6 6. e4 b4 7. h3 Bg7 8. Bd3 e5 9.
dxe6 Bxe6 10. Bf4 Nc6 11. O-O Qc7 12. Re1 Nd7 13. Nbd2 O-O 14. Rad1 Nde5 15.
Nxe5 Nd4 16. Qb1 dxe5 17. Be3 Rfd8 18. Nf1 Qa5 19. Bd2 Rab8 20. b3 Rd7 21. Ne3
Qd8 22. Nd5 a5 23. Be3 a4 24. Bxd4 exd4 25. Nf4 axb3 26. axb3 Ra7 27. Nxe6 fxe6
28. e5 Ra3 29. Be4 Rb6 30. Rd3 Rba6 31. Bb7 Rb6 32. Bf3 Qe7 33. Qd1 Ra2 34. Rd2
Rba6 35. Rxa2 Rxa2 36. Re2 Ra3 37. Qd3 Qg5 38. Bg4 Ra1+ 39. Kh2 Bxe5+ 40. g3
Qc1 0-1

[Event "SR 1. liga zapad 2010/2011"]
[Site "?"]
[Date "2010.11.07"]
[Round "2.4"]
[White "Vlcek, Stanislav"]
[Black "Bury, Rastislav"]
[Result "1/2-1/2"]
[WhiteElo "2257"]
[BlackElo "2183"]
[PlyCount "44"]
[EventDate "2010.??.??"]

1. Nf3 c5 2. e4 d6 3. d4 cxd4 4. Nxd4 Nf6 5. Nc3 a6 6. f4 e5 7. Nf3 Qc7 8. a4
Be7 9. Bd3 Nbd7 10. O-O O-O 11. Kh1 Re8 12. fxe5 dxe5 13. Nh4 Nc5 14. Nf5 Bxf5
15. Rxf5 Rad8 16. Qe2 Rxd3 17. cxd3 Nb3 18. Rxf6 Nxa1 19. Rf1 Nb3 20. Qh5 Bd8
21. Be3 Qd7 22. Nd5 Re6 1/2-1/2

[Event "SR 1. liga zapad 2010/2011"]
[Site "?"]
[Date "2010.11.07"]
[Round "2.5"]
[White "Ac, Michal"]
[Black "Dlhy, Jozef"]
[Result "0-1"]
[WhiteElo "2177"]
[BlackElo "2075"]
[PlyCount "68"]
[EventDate "2010.??.??"]

1. d4 Nf6 2. c4 c5 3. Nc3 cxd4 4. Qxd4 g6 5. Nd5 Bg7 6. Bg5 Nc6 7. Qc3 O-O 8.
Bxf6 exf6 9. Nf3 f5 10. Qd2 d6 11. Rc1 Be6 12. Nf4 Ne5 13. e3 Nxf3+ 14. gxf3
Rc8 15. Be2 Qg5 16. Bd3 Rfe8 17. b3 b6 18. h4 Qd8 19. h5 d5 20. hxg6 hxg6 21.
Nxe6 fxe6 22. Qe2 d4 23. e4 Qg5 24. Rd1 Kf7 25. Qf1 Rh8 26. Rg1 Qf4 27. Qg2 Rh6
28. Ke2 a5 29. Qf1 Rh2 30. Rg2 Rch8 31. exf5 exf5 32. Rxh2 Rxh2 33. Qg1 Qe3+
34. Kf1 Qxf3 0-1

[Event "SR 1. liga zapad 2010/2011"]
[Site "?"]
[Date "2010.11.07"]
[Round "2.5"]
[White "Gorusa, Miroslav"]
[Black "Kolcak, Marek"]
[Result "1-0"]
[WhiteElo "2136"]
[BlackElo "2146"]
[PlyCount "45"]
[EventDate "2010.??.??"]

1. d4 d5 2. Nf3 Nf6 3. c4 dxc4 4. Nc3 c5 5. e3 e6 6. Bxc4 a6 7. a4 Nc6 8. O-O
cxd4 9. exd4 Be7 10. d5 exd5 11. Nxd5 Nxd5 12. Bxd5 O-O 13. Qb3 Bf6 14. Re1 Bg4
15. Be3 Qd6 16. Rad1 Qb4 17. Qxb4 Nxb4 18. Bc5 Nxd5 19. Bxf8 Nb6 20. Be7 Bxf3
21. gxf3 Bxb2 22. Rd8+ Rxd8 23. Bxd8 1-0

[Event "SR 1. liga zapad 2010/2011"]
[Site "?"]
[Date "2010.11.07"]
[Round "2.5"]
[White "Hacik, Radomir"]
[Black "Jancovic, Peter"]
[Result "0-1"]
[WhiteElo "2176"]
[BlackElo "2167"]
[PlyCount "70"]
[EventDate "2010.??.??"]

1. e4 c5 2. Nf3 d6 3. d4 cxd4 4. Nxd4 Nf6 5. Nc3 a6 6. Bg5 Nbd7 7. Qd2 b5 8. f3
e6 9. a4 b4 10. Nd1 Qb6 11. a5 Qb7 12. Ne3 Be7 13. Bc4 Nxe4 14. fxe4 Bxg5 15.
Nf3 Be7 16. O-O O-O 17. Rae1 Qc7 18. Qxb4 Rb8 19. Qa3 Nf6 20. Qd3 Bb7 21. Nd2
Qxa5 22. Kh1 Rfd8 23. Ra1 Qe5 24. Bxa6 Bxe4 25. Nxe4 Qxe4 26. b3 d5 27. Ra4
Qxd3 28. Bxd3 Nd7 29. Ng4 f5 30. Nf2 Nc5 31. Ra7 Bf6 32. Rc7 Bd4 33. Nh3 Nxd3
34. cxd3 Rxb3 35. Nf4 Be5 0-1

[Event "SR 1. liga zapad 2010/2011"]
[Site "?"]
[Date "2010.11.07"]
[Round "2.5"]
[White "Martiska, Peter"]
[Black "Havlicek, Libor"]
[Result "1-0"]
[WhiteElo "2249"]
[BlackElo "2330"]
[PlyCount "67"]
[EventDate "2010.??.??"]

1. d4 Nf6 2. c4 e6 3. Nc3 c5 4. d5 exd5 5. cxd5 d6 6. e4 g6 7. Nf3 Bg7 8. Bb5+
Bd7 9. Bd3 O-O 10. O-O Bg4 11. h3 Bxf3 12. Qxf3 Re8 13. Bg5 Nbd7 14. Bb5 Ne5
15. Qf4 Rf8 16. Qh4 h6 17. Bxh6 Nxd5 18. Bg5 f6 19. Nxd5 fxg5 20. Qg3 c4 21.
Rac1 Rc8 22. Ne3 Rf4 23. Bxc4+ Kh7 24. Bd5 Rxc1 25. Rxc1 Nd3 26. Rc2 Qa5 27.
Ng4 Nxf2 28. Nxf2 Bd4 29. Qxg5 Qe1+ 30. Kh2 Be5 31. Rc7+ Rf7+ 32. Qxe5 Rxc7 33.
Qxd6 Rc2 34. Qe7+ 1-0

[Event "SR 1. liga zapad 2010/2011"]
[Site "?"]
[Date "2010.11.07"]
[Round "2.5"]
[White "Pales, Dusan"]
[Black "Sulek, Viliam"]
[Result "1/2-1/2"]
[WhiteElo "2058"]
[BlackElo "2144"]
[PlyCount "98"]
[EventDate "2010.??.??"]

1. d4 Nf6 2. Nf3 g6 3. g3 Bg7 4. Bg2 O-O 5. O-O d5 6. Bf4 Nbd7 7. c3 b6 8. Ne5
Bb7 9. Nd2 Nh5 10. Nxd7 Qxd7 11. Nf3 Nxf4 12. gxf4 f6 13. e3 Rae8 14. Qb3 Kh8
15. Rad1 Bc6 16. Qc2 Qd6 17. Kh1 Bd7 18. c4 Bf5 19. Qa4 Be4 20. Rc1 dxc4 21.
Qxc4 Rc8 22. b4 Bd5 23. Qb5 c6 24. Qa4 e5 25. fxe5 fxe5 26. dxe5 Bxe5 27. Nxe5
Bxg2+ 28. Kxg2 Qxe5 29. Qc2 c5 30. b5 Qg5+ 31. Kh1 c4 32. Qc3+ Kg8 33. a4 Qd5+
34. Kg1 Qf3 35. Qe5 Rc5 36. Qg3 Qf5 37. f4 c3 38. Rfd1 c2 39. Rd2 Rfc8 40. Qg2
Qe6 41. Qf3 Rc3 42. Kf2 Re8 43. Rcxc2 Rxe3 44. Qd5 Qxd5 45. Rxd5 R3e4 46. Rd7
Rxf4+ 47. Kg3 Rf7 48. Rcc7 Re3+ 49. Kg2 Re2+ 1/2-1/2

[Event "SR 1. liga zapad 2010/2011"]
[Site "?"]
[Date "2010.11.07"]
[Round "2.5"]
[White "Petran, Peter"]
[Black "Maros, Milan"]
[Result "1/2-1/2"]
[WhiteElo "2330"]
[BlackElo "2329"]
[PlyCount "84"]
[EventDate "2010.??.??"]

1. Nf3 d5 2. g3 Bg4 3. Bg2 Nd7 4. c4 e6 5. cxd5 exd5 6. Qb3 Nc5 7. Qc2 c6 8.
Ne5 Bh5 9. d4 Ne6 10. Be3 Bd6 11. O-O Ne7 12. Bh3 O-O 13. f4 f5 14. Qd2 Kh8 15.
Bg2 Ng8 16. Nc3 Nf6 17. h3 Qe7 18. Kh2 Rad8 19. Rac1 Bb8 20. Bf2 Ne4 21. Nxe4
dxe4 22. e3 c5 23. Qc3 cxd4 24. exd4 Rd5 25. Rc2 Rfd8 26. Rd2 Bc7 27. a3 Bb6
28. g4 Bg6 29. gxf5 Bxf5 30. Qg3 Bxd4 31. Bxd4 Rxd4 32. Rxd4 Nxd4 33. Re1 Qf6
34. Bxe4 Bxe4 35. Rxe4 Ne6 36. Qe3 h6 37. Kg3 a6 38. Ng4 Qf5 39. Nf2 Nc5 40.
Re8+ Rxe8 41. Qxe8+ Kh7 42. Qe3 Qg6+ 1/2-1/2

[Event "SR 1. liga zapad 2010/2011"]
[Site "?"]
[Date "2010.11.07"]
[Round "2.5"]
[White "Skreno, Vladimir"]
[Black "Bezuch, Martin"]
[Result "1/2-1/2"]
[WhiteElo "2160"]
[BlackElo "2198"]
[PlyCount "189"]
[EventDate "2010.??.??"]

1. d4 Nf6 2. Nf3 c5 3. c4 e6 4. Nc3 cxd4 5. Nxd4 a6 6. Nc2 Qc7 7. e4 d6 8. Be2
Nbd7 9. O-O b6 10. Be3 Bb7 11. f3 Rc8 12. Rc1 Be7 13. Qe1 O-O 14. Qf2 Rfe8 15.
Rfd1 Ba8 16. Na4 Nc5 17. Nc3 Rb8 18. b4 Ncd7 19. Nd4 Ne5 20. Na4 Nfd7 21. a3
Ng6 22. Rc2 Bh4 23. Qf1 Bf6 24. Qf2 Bh4 25. g3 Be7 26. Nb2 Nge5 27. Rdc1 Nf6
28. Bf4 Ng6 29. Be3 Qb7 30. Nd3 Nd7 31. Bf1 Rec8 32. a4 Nge5 33. Ne1 Nc6 34.
Nxc6 Qxc6 35. b5 Qc7 36. bxa6 Nc5 37. Nd3 Nxa6 38. Ra2 Bc6 39. Rb1 Nc5 40. Nb4
Ra8 41. Bxc5 bxc5 42. Nxc6 Qxc6 43. Rb5 Bf6 44. Qc2 Bd4+ 45. Kg2 Qc7 46. Bd3 g6
47. a5 Ra7 48. a6 Rca8 49. Qa4 Kg7 50. Qa5 Qxa5 51. Rbxa5 Kf6 52. f4 g5 53. e5+
dxe5 54. Be4 Rb8 55. fxe5+ Kxe5 56. Bb7 Rbxb7 57. axb7 Rxb7 58. Re2+ Kf5 59. h3
h5 60. Ra3 Rb1 61. Rf3+ Kg6 62. Rf1 Rb4 63. Rc1 g4 64. hxg4 hxg4 65. Re4 Kg5
66. Rf1 f5 67. Rxe6 Rxc4 68. Re8 Rc2+ 69. Kh1 Bf2 70. Rg8+ Kf6 71. Kg2 Be1+ 72.
Kg1 Bxg3 73. Rxg4 Be5 74. Rg8 f4 75. Re1 Bd4+ 76. Kh1 Be3 77. Re8 Kf5 78. Rf1
Rc3 79. Kg2 Rd3 80. Kf3 c4 81. Rc8 c3 82. Rb1 Bd2+ 83. Ke2 Re3+ 84. Kf2 Re6 85.
Rd1 Ra6 86. Kf3 Ra3 87. Rc5+ Ke6 88. Ke4 Ra4+ 89. Kd3 f3 90. Rf1 Rf4 91. Rxc3
Bxc3 92. Kxc3 Kf5 93. Kd3 Kg4 94. Ke3 Rf7 95. Rg1+ 1/2-1/2

[Event "SR 1. liga zapad 2010/2011"]
[Site "?"]
[Date "2010.11.07"]
[Round "2.5"]
[White "Travenec, Igor"]
[Black "Pinter, Patrik"]
[Result "1/2-1/2"]
[WhiteElo "2233"]
[BlackElo "2189"]
[PlyCount "51"]
[EventDate "2010.??.??"]

1. e4 d6 2. d4 Nf6 3. Nc3 g6 4. f3 c6 5. Be3 Nbd7 6. Qd2 b5 7. a3 Bg7 8. Nh3 a6
9. Bh6 Bxh6 10. Qxh6 Qb6 11. Ne2 c5 12. c3 Bb7 13. Nf2 a5 14. Qd2 O-O 15. h4 b4
16. h5 Ba6 17. hxg6 fxg6 18. Nf4 Bxf1 19. Kxf1 Rab8 20. Ne6 Rf7 21. Ng5 Rg7 22.
Ne6 Rf7 23. axb4 axb4 24. Ng5 Rg7 25. Ne6 Rf7 26. Ng5 1/2-1/2

[Event "SR 1. liga zapad 2010/2011"]
[Site "?"]
[Date "2010.11.07"]
[Round "2.6"]
[White "Dolnik, Attila"]
[Black "Janos, Ivan"]
[Result "1-0"]
[WhiteElo "2175"]
[BlackElo "2152"]
[PlyCount "77"]
[EventDate "2010.??.??"]

1. e4 c5 2. c3 Nf6 3. e5 Nd5 4. d4 cxd4 5. Nf3 e6 6. cxd4 b6 7. Nc3 Nxc3 8.
bxc3 Qc7 9. Bb2 Bb7 10. Bd3 d6 11. O-O Nd7 12. exd6 Bxd6 13. c4 O-O 14. h3 Nf6
15. Rc1 Nh5 16. Bb1 Nf4 17. Re1 Rad8 18. Qb3 Be7 19. Qc2 f5 20. Qb3 Rf6 21. d5
Rg6 22. Ne5 Rxg2+ 23. Kh1 Qc5 24. Rc2 exd5 25. Qf3 g5 26. Rg1 Ba8 27. Rxg2 dxc4
28. Qxa8 Rxa8 29. Rg1 Qd5+ 30. Kh2 h6 31. Nxc4 Bc5 32. Ne3 Qf3 33. Rg3 Qc6 34.
Nxf5 Rf8 35. Ne7+ Bxe7 36. Rxc6 Ne2 37. Rg6+ Kf7 38. Rg7+ Ke8 39. Bg6+ 1-0

[Event "SR 1. liga zapad 2010/2011"]
[Site "?"]
[Date "2010.11.07"]
[Round "2.6"]
[White "Farkas, Gabor"]
[Black "Turna, Stefan"]
[Result "1-0"]
[WhiteElo "2225"]
[BlackElo "2245"]
[PlyCount "103"]
[EventDate "2010.??.??"]

1. e4 c5 2. Nf3 d6 3. d4 cxd4 4. Nxd4 Nf6 5. Nc3 e6 6. Bg5 Nc6 7. Qd2 a6 8. f3
Bd7 9. O-O-O b5 10. Kb1 Qb6 11. Be3 Qb7 12. g4 h6 13. h4 Nxd4 14. Bxd4 Bc6 15.
Bd3 b4 16. Ne2 d5 17. Bxf6 gxf6 18. Nd4 Bc5 19. Nxc6 Qxc6 20. exd5 Qxd5 21.
Rhe1 Qd6 22. Qe2 Qb6 23. f4 Bf2 24. Rf1 Bd4 25. Bxa6 Rxa6 26. Rxd4 Rxa2 27. Qc4
Ra8 28. Rfd1 O-O 29. Qxb4 Qa6 30. Qa3 Qxa3 31. bxa3 Rxa3 32. Kb2 Rh3 33. c4
Rb8+ 34. Kc2 Kg7 35. h5 Rg3 36. c5 Ra8 37. R1d3 Ra2+ 38. Kb3 Rgg2 39. Rc3 Rgb2+
40. Kc4 Ra5 41. c6 Rb8 42. Rd7 e5 43. c7 Rc8 44. Kb4 Raa8 45. fxe5 fxe5 46. Rf3
Rf8 47. Kc5 e4 48. Re3 Rfe8 49. Rd4 Rac8 50. Kd6 Ra8 51. Rexe4 Rec8 52. Ra4 1-0

[Event "SR 1. liga zapad 2010/2011"]
[Site "?"]
[Date "2010.11.07"]
[Round "2.6"]
[White "Janko, Michal"]
[Black "Castiglione, Mario"]
[Result "1/2-1/2"]
[WhiteElo "2271"]
[BlackElo "2288"]
[PlyCount "111"]
[EventDate "2010.??.??"]

1. d4 Nf6 2. c4 d6 3. Nc3 c6 4. Nf3 Bg4 5. g3 Bxf3 6. exf3 Nbd7 7. Bg2 e6 8. d5
exd5 9. cxd5 c5 10. O-O Be7 11. f4 O-O 12. g4 Ne8 13. g5 f5 14. Qe2 Nc7 15. Nb5
Nxb5 16. Qxb5 Rb8 17. Re1 Rf7 18. b3 a6 19. Qe2 Nf8 20. h4 Qd7 21. h5 Bd8 22.
Bd2 Qb5 23. Qxb5 axb5 24. b4 c4 25. a4 bxa4 26. b5 Ra8 27. Bb4 Ba5 28. Rxa4
Bxb4 29. Rxb4 Rc8 30. b6 Nd7 31. Bf1 c3 32. Bd3 Kf8 33. Bc2 h6 34. Re3 hxg5 35.
fxg5 f4 36. Re6 Ne5 37. g6 Rf6 38. Rxf6+ gxf6 39. Rxf4 Kg7 40. h6+ Kxh6 41.
Rh4+ Kg5 42. Rh3 f5 43. g7 Rg8 44. Rxc3 Rxg7 45. Rc7 Rf7 46. Ba4 Kf6 47. Bb5
Rg7+ 48. Kf1 Re7 49. f4 Ng6 50. Bc6 Re4 51. Rxb7 Rxf4+ 52. Ke1 Re4+ 53. Kf1
Rf4+ 54. Ke1 Re4+ 55. Kf1 Rf4+ 56. Ke1 1/2-1/2

[Event "SR 1. liga zapad 2010/2011"]
[Site "?"]
[Date "2010.11.07"]
[Round "2.6"]
[White "Komora, Andrej"]
[Black "Vass, Frantisek"]
[Result "1/2-1/2"]
[WhiteElo "2312"]
[BlackElo "2317"]
[PlyCount "21"]
[EventDate "2010.??.??"]

1. e4 e6 2. d4 d5 3. exd5 exd5 4. Bd3 Nf6 5. Nf3 Be7 6. O-O O-O 7. c3 Bg4 8.
Re1 Nbd7 9. h3 Bh5 10. Bf4 Re8 11. Nbd2 1/2-1/2

[Event "SR 1. liga zapad 2010/2011"]
[Site "?"]
[Date "2010.11.07"]
[Round "2.6"]
[White "Kubala, Jan"]
[Black "Kleman, Miroslav"]
[Result "1-0"]
[WhiteElo "2230"]
[BlackElo "2266"]
[PlyCount "84"]
[EventDate "2010.??.??"]

1. e4 e5 2. Nf3 Nc6 3. Bb5 a6 4. Ba4 d6 5. O-O b5 6. Bb3 Na5 7. d4 Nxb3 8. axb3
exd4 9. Nxd4 Bb7 10. Re1 c5 11. Nf3 Be7 12. Nc3 Nf6 13. Bf4 O-O 14. Qd2 Re8 15.
Rad1 b4 16. Nd5 Nxd5 17. exd5 Qd7 18. Qd3 Qg4 19. Bg3 Bf8 20. c4 bxc3 21. bxc3
Rxe1+ 22. Rxe1 Qh5 23. c4 Qg6 24. Qd2 a5 25. Ra1 Bc8 26. h3 Bxh3 27. gxh3 Qf6
28. Qd1 g6 29. Kg2 h5 30. Bh4 Qf4 31. Qd2 Qe4 32. Bf6 a4 33. Rxa4 Rxa4 34. bxa4
Qxc4 35. a5 Qb5 36. Qb2 Qxa5 37. Qb8 Qb4 38. Qd8 Qe4 39. Bg5 c4 40. Qc8 Kg7 41.
Bh6+ Kxh6 42. Qxf8+ Kh7 1-0

[Event "SR 1. liga zapad 2010/2011"]
[Site "?"]
[Date "2010.11.07"]
[Round "2.6"]
[White "Lukacovic, Miroslav"]
[Black "Eged, Igor"]
[Result "0-1"]
[WhiteElo "2006"]
[BlackElo "2065"]
[PlyCount "118"]
[EventDate "2010.??.??"]

1. d4 Nf6 2. c4 e6 3. Nc3 Bb4 4. a3 Bxc3+ 5. bxc3 c5 6. e3 Nc6 7. Nf3 b6 8. Bd3
d6 9. O-O e5 10. Qc2 O-O 11. Bb2 Qe7 12. Ng5 h6 13. Nh7 Nxh7 14. Bxh7+ Kh8 15.
Be4 Bd7 16. Rad1 f5 17. Bd5 Rad8 18. f3 Na5 19. e4 f4 20. Bc1 Qe8 21. Qe2 Ba4
22. Rde1 Bb3 23. g3 g5 24. gxf4 gxf4 25. Kh1 Rf6 26. Rg1 Rg6 27. Rxg6 Qxg6 28.
Rg1 Qf6 29. Qf1 Rf8 30. Rg4 Ba4 31. Qg2 Be8 32. Rg8+ Kh7 33. Bxf4 Bh5 34. Kg1
cxd4 35. cxd4 Bxf3 36. Rxf8 Qxf8 37. Qxf3 Qxf4 38. Qxf4 exf4 39. e5 dxe5 40.
dxe5 Kg6 41. Kf2 Nb3 42. Kf3 Kf5 43. e6 Nd4+ 44. Kf2 Nxe6 45. h3 Nd4 46. Kg2
Nc2 47. a4 Ne3+ 48. Kf3 Nxd5 49. cxd5 a6 50. d6 Ke6 51. Kxf4 b5 52. axb5 axb5
53. d7 Kxd7 54. Ke5 Ke7 55. Kd5 Kf6 56. Kc5 Kg5 57. Kxb5 Kh4 58. Kc4 Kxh3 59.
Kd4 Kg3 0-1

[Event "SR 1. liga zapad 2010/2011"]
[Site "?"]
[Date "2010.11.07"]
[Round "2.6"]
[White "Sosovicka, Juraj"]
[Black "Nagy, T."]
[Result "1-0"]
[WhiteElo "2159"]
[BlackElo "2223"]
[PlyCount "59"]
[EventDate "2010.??.??"]

1. e4 c6 2. d4 d5 3. Nd2 g6 4. c3 Bg7 5. Bd3 Nd7 6. Ngf3 dxe4 7. Nxe4 Ngf6 8.
O-O Nxe4 9. Bxe4 O-O 10. Re1 c5 11. Bg5 h6 12. Bh4 g5 13. Bg3 cxd4 14. Nxd4 Nc5
15. Bc2 a5 16. Nb5 Bd7 17. Qe2 Rc8 18. Na7 Ra8 19. Nb5 Rc8 20. Rad1 Qb6 21. Nd4
Rfe8 22. Bb1 e5 23. Nf5 Bxf5 24. Bxf5 Rc7 25. h4 Qf6 26. Qg4 a4 27. Rd5 Qc6 28.
Red1 Qf6 29. Rd6 Ne6 30. hxg5 1-0

[Event "SR 1. liga zapad 2010/2011"]
[Site "?"]
[Date "2010.12.11"]
[Round "3.1"]
[White "Bombek, Peter"]
[Black "Machalova, Veronika"]
[Result "1/2-1/2"]
[WhiteElo "2228"]
[BlackElo "2233"]
[PlyCount "80"]
[EventDate "2010.??.??"]

1. c4 e5 2. Nc3 Nc6 3. Nf3 g6 4. d4 exd4 5. Nxd4 Bg7 6. Nxc6 bxc6 7. g3 Ne7 8.
Bg2 O-O 9. O-O h6 10. Qc2 d6 11. b3 Bf5 12. e4 Be6 13. Bb2 Qb8 14. Rad1 Qe8 15.
c5 Rd8 16. Ba3 d5 17. exd5 Nxd5 18. Bb2 Bf5 19. Ne4 Nb4 20. Qe2 Bxe4 21. Bxe4
Qe6 22. Bxg7 Kxg7 23. Rfe1 Rde8 24. Qd2 Qf6 25. a3 Rd8 26. Qe2 Nd5 27. Bxd5
Rxd5 28. Rxd5 cxd5 29. b4 d4 30. Qe5 Rd8 31. Kg2 Qxe5 32. Rxe5 d3 33. Re1 d2
34. Rd1 Rd3 35. Kf1 Rxa3 36. Rxd2 a5 37. Rd7 c6 38. Rd6 axb4 39. Rxc6 Rc3 40.
Rb6 Rxc5 1/2-1/2

[Event "SR 1. liga zapad 2010/2011"]
[Site "?"]
[Date "2010.12.11"]
[Round "3.1"]
[White "Federic, Jozef"]
[Black "Kovacik, Emil"]
[Result "1/2-1/2"]
[WhiteElo "2283"]
[BlackElo "2232"]
[PlyCount "130"]
[EventDate "2010.??.??"]

1. d4 f5 2. Nc3 Nf6 3. Bg5 d5 4. Bxf6 exf6 5. e3 c6 6. Bd3 Na6 7. a3 Nc7 8. Qf3
g6 9. h4 h5 10. Nh3 Be6 11. Qe2 Bd6 12. O-O-O Qe7 13. f3 O-O-O 14. Nf2 Kb8 15.
Kb1 Bf7 16. Qd2 Ne6 17. Rde1 Qc7 18. Ne2 Qb6 19. Ka1 f4 20. c3 fxe3 21. Qxe3 c5
22. Bb1 cxd4 23. cxd4 Rhe8 24. Qd2 Re7 25. Rc1 Rde8 26. Nd1 g5 27. hxg5 fxg5
28. g3 Nf4 29. Nxf4 gxf4 30. gxf4 Re2 31. Qc3 Bxf4 32. Rc2 Rxc2 33. Bxc2 Qf6
34. Re1 Rxe1 35. Qxe1 h4 36. Nf2 a6 37. Nh3 Bh5 38. Bb3 Bg3 39. Qa5 Bxf3 40.
Ka2 Qf5 41. Ng1 Bg2 42. Qd8+ Ka7 43. Ne2 Bf2 44. Nc3 Bxd4 45. Qxh4 Bxc3 46.
bxc3 Be4 47. Qe1 Qf6 48. Qg1+ Qb6 49. Qd4 Qxd4 50. cxd4 Kb6 51. Kb2 Kc6 52. Kc3
Bg2 53. Kb4 b6 54. Ba4+ Kd6 55. Bb3 Bf1 56. Kc3 Ke6 57. Ba2 b5 58. Kb4 Bc4 59.
Bb1 Kf6 60. Kc5 Kg5 61. Bh7 Kf4 62. Bg8 Ke4 63. Bh7+ Ke3 64. Bg8 Ke4 65. Bh7+
Ke3 1/2-1/2

[Event "SR 1. liga zapad 2010/2011"]
[Site "?"]
[Date "2010.12.11"]
[Round "3.1"]
[White "Kovac, Andrej"]
[Black "Podoba, Milan"]
[Result "1/2-1/2"]
[WhiteElo "2117"]
[BlackElo "2167"]
[PlyCount "72"]
[EventDate "2010.??.??"]

1. d4 d5 2. c4 c6 3. Nc3 Nf6 4. e3 e6 5. Nf3 Nbd7 6. Qc2 Bd6 7. Be2 dxc4 8.
Bxc4 b5 9. Be2 a6 10. O-O O-O 11. Rd1 Qe7 12. a4 Bb7 13. Bd2 Rac8 14. Ne4 Nxe4
15. Qxe4 Nf6 16. Qh4 Nd5 17. Qh3 f5 18. Bd3 g6 19. Qh6 Qg7 20. Qxg7+ Kxg7 21.
Bf1 Rfe8 22. Re1 Nb6 23. b3 Nd5 24. e4 Nb4 25. Rac1 fxe4 26. Ng5 Nd3 27. Nxe6+
Kf6 28. Bxd3 exd3 29. Bg5+ Kf7 30. Nc5 Bxc5 31. dxc5 Rxe1+ 32. Rxe1 Re8 33. Kf1
Bc8 34. Rxe8 Kxe8 35. Ke1 Be6 36. axb5 axb5 1/2-1/2

[Event "SR 1. liga zapad 2010/2011"]
[Site "?"]
[Date "2010.12.11"]
[Round "3.1"]
[White "Machalova, Maria"]
[Black "Borik, Juraj"]
[Result "0-1"]
[WhiteElo "2190"]
[BlackElo "2206"]
[PlyCount "70"]
[EventDate "2010.??.??"]

1. c4 Nf6 2. Nc3 e6 3. e4 d6 4. d4 Be7 5. Nf3 c5 6. dxc5 dxc5 7. Qxd8+ Bxd8 8.
e5 Nfd7 9. Nb5 O-O 10. Bf4 Ba5+ 11. Ke2 h6 12. h4 f6 13. exf6 e5 14. Bd2 Bd8
15. fxg7 Kxg7 16. Nd6 Nc6 17. g4 e4 18. Bc3+ Nf6 19. Nh2 Nd4+ 20. Bxd4 cxd4 21.
g5 d3+ 22. Kd1 Ng4 23. Nxe4 Nxf2+ 24. Nxf2 Rxf2 25. Ke1 Rxb2 26. Bxd3 Ba5+ 27.
Kd1 Rd2+ 28. Kc1 Rxd3 29. gxh6+ Kxh6 30. Rf1 Bh3 31. Rd1 Rxd1+ 32. Kxd1 Rd8+
33. Kc1 Rd2 34. Nf3 Rf2 35. Ng5 Bf5 0-1